000 00829nam a2200241 a 4500
003 MX-MxUPN
005 20240913063731.0
008 041202s1956 mx r 000 0 spa d
035 _aUPN01000136859
040 _aMX-MxUPN
_bspa
_cMX-MxUPN
041 0 _aspa
050 1 4 _aB59
_bB87
100 1 _aBueno, Miguel,
_d1923-2000
_930372
245 1 0 _aReflexiones en torno a la filosofía de la cultura
260 _aMéxico :
_bImprenta Universitaria,
_c1956.
300 _a303 páginas ;
_c20 cm.
490 0 _aCultura mexicana ;
_v15
650 4 _aCivilización
_xFilosofía
_98016
650 4 _aCultura
_97095
710 2 _aMuseo Pedagógico Nacional (México)
_951335
_epropietario anterior
710 2 _aCentro Nacional de Documentación e Información Educativa (México)
_epropietario anterior
_951353
942 _2lcc
_cLIBRO
999 _c109010
_d109010